La formación del sociólogo: problemas y perspectivas

Gardado en:
Detalles Bibliográficos
Autor Principal: Quezada Toro, Cecilia
Formato: Texto
Publicado: Panamá
Etiquetas: Engadir etiqueta
Sen Etiquetas, Sexa o primeiro en etiquetar este rexistro!

MARC

LEADER 00000 a a2200000 04500
001 21560
003
040
090 |a 095500  
100 |a Quezada Toro, Cecilia  
245 |a La formación del sociólogo: problemas y perspectivas  
260 |a Panamá  
300 |a 12 p.  
999 |c 11710  |d 11710